000 00380pab a2200145 454500
008 180718b1995 xxu||||| |||| 00| 0 eng d
100 _aSkoufias, Emmanuel
245 _aHousehold resources, transaction costs, and adjustment through land tenancy
260 _c1995
300 _ap.42-56
362 _aFeb
650 _aLand tenure
773 _aLand Economics
909 _a26518
999 _c26518
_d26518